Piłkarze Newcastle United - nagła śmierć - Statystyki

Ogólne statystyki
  • Ten quiz został rozwiązany 153 razy
  • Średni wynik to 7 z 14
Answers on the Grid
Answers color-coded by a green-red scale on the quiz's grid according to % correct below.
Alexander Isak
Fernando Torres
Wesley Sneijder
Bruno Guimarães
Per Mertesacker
Florian Thauvin
Stephan El Shaarawy
Alex Oxlade-Chamberlain
João Moutinho
Georginio Wijnaldum
Dirk Kuyt
Mikel Merino
Viktor Gyökeres
Sandro Tonali
Serge Gnabry
Michael Owen
James Milner
Kieran Trippier
Adam Lallana
Demba Ba
Chris Smalling
Aleksandar Mitrović
Luuk de Jong
Ricardo Quaresma
Robin van Persie
Claudio Marchisio
Loïc Rémy
Hatem Ben Arfa
 
Statystyki odpowiedzi
Odpowiedź % Poprawnych
Alexander Isak
98%
Bruno Guimarães
88%
Kieran Trippier
68%
Sandro Tonali
68%
Hatem Ben Arfa
47%
Georginio Wijnaldum
42%
Aleksandar Mitrović
39%
Michael Owen
38%
Demba Ba
35%
Loïc Rémy
33%
Florian Thauvin
32%
James Milner
25%
Mikel Merino
24%
Luuk de Jong
18%
Nie znaleziono quizów pasujących do podanych kryteriów
Rozkład punktacji
Procent ludzi z każdym wynikiem
Percentyl według liczby udzielonych odpowiedzi
Twoja historia wyników
Nie rozwiązałeś tego quizu